|
|
|
|
| LEADER |
01227nam a22002417a 4500 |
| 999 |
|
|
|c 169850
|d 169850
|
| 020 |
|
|
|a 9788127267926
|
| 040 |
|
|
|a COPAD LIB
|
| 082 |
|
|
|a 631.52
|b SAM/BR
|
| 100 |
|
|
|a Samiullah Khan; Ed
|
| 245 |
|
|
|a Breeding of Pulse Crops
|
| 260 |
|
|
|a Ludhiana
|b Kalyani
|c 2011
|
| 300 |
|
|
|a 249
|
| 500 |
|
|
|a Plant Breeding Tissue Culture
|
| 650 |
|
|
|a Plant Breeding
|
| 650 |
|
|
|a Tissue Culture
|
| 700 |
|
|
|a Samiullah Khan; Ed
|
| 942 |
|
|
|c BK
|2 ddc
|
| 952 |
|
|
|0 0
|1 0
|2 ddc
|4 0
|6 631_520000000000000_SAM_BR
|7 0
|9 174991
|a KAUCOAP
|b KAUCOAP
|d 2018-09-26
|o 631.52 SAM/BR
|p KAU_COAP06602
|r 2018-09-26
|w 2018-09-26
|y BK
|
| 952 |
|
|
|0 0
|1 0
|2 ddc
|4 0
|6 631_520000000000000_SAM_BR
|7 0
|9 174992
|a KAUCOAP
|b KAUCOAP
|d 2018-09-26
|o 631.52 SAM/BR
|p KAU_COAP06603
|r 2018-09-26
|w 2018-09-26
|y BK
|
| 952 |
|
|
|0 0
|1 0
|2 ddc
|4 0
|6 631_520000000000000_SAM_BR
|7 0
|9 174993
|a KAUCOAP
|b KAUCOAP
|d 2018-09-26
|o 631.52 SAM/BR
|p KAU_COAP06604
|r 2018-09-26
|w 2018-09-26
|y BK
|
| 952 |
|
|
|0 0
|1 0
|2 ddc
|4 0
|6 631_520000000000000_SAM_BR
|7 0
|9 174994
|a KAUCOAP
|b KAUCOAP
|d 2018-09-26
|o 631.52 SAM/BR
|p KAU_COAP06605
|r 2018-09-26
|w 2018-09-26
|y BK
|
| 952 |
|
|
|0 0
|1 0
|2 ddc
|4 0
|6 631_520000000000000_SAM_BR
|7 0
|9 174995
|a KAUCOAP
|b KAUCOAP
|d 2018-09-26
|o 631.52 SAM/BR
|p KAU_COAP06606
|r 2018-09-26
|w 2018-09-26
|y BK
|